Từ điển đồng nghĩa và phản nghĩa Anh - Việt
Spremljeno u:
| Glavni autor: | |
|---|---|
| Format: | Knjiga |
| Jezik: | Undetermined |
| Izdano: |
Thành phố Hồ Chí Minh
Nhà xuất bản Thành phố Hồ Chí Minh
2003
|
| Teme: | |
| Oznake: |
Dodaj oznaku
Bez oznaka, Budi prvi tko označuje ovaj zapis!
|
| Thư viện lưu trữ: | Trung tâm Học liệu Trường Đại học Cần Thơ |
|---|
| LEADER | 00695nam a2200205Ia 4500 | ||
|---|---|---|---|
| 001 | CTU_90975 | ||
| 008 | 210402s9999 xx 000 0 und d | ||
| 020 | |c 55000 | ||
| 082 | |a 423.95922 | ||
| 082 | |b T550 | ||
| 100 | |a Vũ, Hồng Tâm | ||
| 245 | 0 | |a Từ điển đồng nghĩa và phản nghĩa Anh - Việt | |
| 245 | 0 | |c Vũ Hồng Tâm, Nguyễn Hoàng Vĩnh Lộc | |
| 260 | |a Thành phố Hồ Chí Minh | ||
| 260 | |b Nhà xuất bản Thành phố Hồ Chí Minh | ||
| 260 | |c 2003 | ||
| 650 | |a English language | ||
| 650 | |x Synonyms and antonyms (Vietnamese) | ||
| 904 | |i Năm | ||
| 980 | |a Trung tâm Học liệu Trường Đại học Cần Thơ | ||